00807nam a22002297a 4500999001900000005001700019010001500036020002600051035001400077037001300091082001800104100001900122245005200141260004100193270011200234300002200346500001900368700002200387700001600409942002700425952012500452 c167978d16797820190924151401.0 aENG-126531 c875.00a9789353167035 aEN-110063 bDBAD/PUB a658.405227th aLewicki, Roy J aNegotiation /cBy David M Saunders...[et.,all] aChennaibMcGraw Hill Educationc2015 bChennaia444/1, Sri Ekambara Naicker Industrial Estate, Alapakkam Porure600116minfo.india@mheducation.com a654p.c24cm,(pbk) aIncludes index aSaunders, Dvid M aBarry Bruce 2ddccENh658.4052mLEW 001040708NFICaZLSbZLSd2019-09-24eDBAD/PUBg875.00l0o658.4052 LEWpEN-110063r2019-09-24 00:00:00t1v875.00yEN